Диагностика качества функционирования предприятия: монография

Bibliografske podrobnosti
Glavni avtor: Ковалев А. И. Алексей Иванович
Izvleček:Предложен новый подход к оценке качества функционирования предприятий. Разработаны научные основы и принципы сбора, обработки и эффективного использования информации о качестве функционирования предприятий, классифицированы способы его оценки, раскрыты методы системного оценивания процессов, количественного анализа свидетельств аудита качества функционирования, автоматизированного управления логистической поддержкой производства "на заказ", а также процедура процессного представления функционирования предприятий.
Jezik:ruščina
Izdano: Москва, Инфра-Инженерия, 2019
Teme:
Format: Knjiga
KOHA link:https://koha.lib.tpu.ru/cgi-bin/koha/opac-detail.pl?biblionumber=343037

MARC

LEADER 00000nam0a2200000 4500
001 343037
005 20231102005521.0
010 |a 9785972903283 
035 |a (RuTPU)RU\TPU\book\372788 
090 |a 343037 
100 |a 20190619d2019 k y0rusy50 ca 
101 0 |a rus 
102 |a RU 
105 |a a z 001zy 
200 1 |a Диагностика качества функционирования предприятия  |e монография  |f А. И. Ковалев 
210 |a Москва  |c Инфра-Инженерия  |d 2019 
215 |a 400 с.  |c ил. 
320 |a Библиогр.: с. 362-382 
330 |a Предложен новый подход к оценке качества функционирования предприятий. Разработаны научные основы и принципы сбора, обработки и эффективного использования информации о качестве функционирования предприятий, классифицированы способы его оценки, раскрыты методы системного оценивания процессов, количественного анализа свидетельств аудита качества функционирования, автоматизированного управления логистической поддержкой производства "на заказ", а также процедура процессного представления функционирования предприятий. 
606 1 |a Предприятия  |x Экономика  |x Управление  |2 stltpush  |3 (RuTPU)RU\TPU\subj\36690  |9 57983 
610 1 |a информационное обеспечение 
610 1 |a диагностика 
610 1 |a функционирование 
610 1 |a качество 
610 1 |a электроснабжающие предприятия 
610 1 |a квалиметрическая оценка 
610 1 |a оценивание 
610 1 |a информационные коммуникации 
610 1 |a методология 
610 1 |a потребители 
610 1 |a проектирование 
610 1 |a количественный анализ 
610 1 |a процессное управление 
610 1 |a аудит 
610 1 |a ИСО 9000 
610 1 |a монографии 
686 |a У9(2)29-2  |v LBC/SL-A  |2 rubbk 
700 1 |a Ковалев  |b А. И.  |g Алексей Иванович 
801 1 |a RU  |b 63413507  |c 20190619 
801 2 |a RU  |b 63413507  |c 20190823  |g RCR 
942 |c BK